[Event "CGC KO 2022"]
[Site "chess.com INT"]
[Date "2022.09.24"]
[Round "2.1"]
[White "Nepomniachtchi, Ian"]
[Black "Svidler, Peter"]
[Result "1/2-1/2"]
[WhiteTitle "GM"]
[BlackTitle "GM"]
[WhiteElo "2792"]
[BlackElo "2683"]
[WhiteFideId "4168119"]
[BlackFideId "4102142"]
[EventDate "2022.09.14"]
[EventType "k.o."]

1. e4 e5 2. Nf3 Nc6 3. Bb5 a6 4. Ba4 Nf6 5. O-O Be7 6. Re1 b5 7. Bb3 O-O 8. a4
b4 9. a5 d6 10. h3 Rb8 11. Bc4 Be6 12. Bxa6 Ra8 13. Bf1 Rxa5 14. Rxa5 Nxa5 15.
d4 exd4 16. Nxd4 Bd7 17. Nd2 c5 18. Nf5 Bxf5 19. exf5 d5 20. g4 h6 21. Bg2 c4
22. Nf3 Bc5 23. Be3 Bxe3 24. Rxe3 Re8 25. Rxe8+ Qxe8 26. Nd4 Qe5 27. Qd2 c3 28.
bxc3 Nc4 29. Qe2 Qf4 30. Qd3 Qc1+ 31. Kh2 Qf4+ 32. Qg3 Qd2 33. Nf3 Qxc3 34. g5
Ne4 35. Qb8+ Kh7 36. Qe8 Nxg5 37. Nxg5+ hxg5 38. Qxf7 Qe5+ 39. Kg1 Qe1+ 40. Kh2
Qe5+ 41. Kg1 Qe1+ 42. Kh2 Qe5+ 1/2-1/2

[Event "CGC KO 2022"]
[Site "chess.com INT"]
[Date "2022.09.22"]
[Round "2.1"]
[White "So, Wesley"]
[Black "Ivanchuk, Vasyl"]
[Result "1-0"]
[WhiteTitle "GM"]
[BlackTitle "GM"]
[WhiteElo "2771"]
[BlackElo "2678"]
[WhiteFideId "5202213"]
[BlackFideId "14100010"]
[EventDate "2022.09.14"]
[EventType "k.o."]

1. e4 c5 2. Nf3 d6 3. d4 cxd4 4. Nxd4 Nf6 5. Nc3 Nc6 6. Bg5 Bd7 7. Qd2 a6 8.
O-O-O e6 9. f4 b5 10. Bxf6 gxf6 11. Kb1 b4 12. Nce2 Qb6 13. Nxc6 Bxc6 14. f5 e5
15. Ng3 h5 16. h4 Qc5 17. Bd3 Ke7 18. Qe2 Bh6 19. Nxh5 Qe3 20. Qf1 Bxe4 21. g4
Rac8 22. Rg1 Rc6 23. Nxf6 Kxf6 24. g5+ Ke7 25. f6+ Kd7 26. Re1 Bxd3 27. cxd3 Qd4
28. gxh6 Rxh6 29. Qf5+ Kc7 30. Rg4 Rxf6 31. Qxf6 Qxg4 32. Qxf7+ Kb6 33. Qf2+ Kb5
34. Rg1 Qh3 35. Qe2 Qxh4 36. d4+ Kb6 37. dxe5 dxe5 38. Qxe5 Qh7+ 39. Ka1 Qc7 40.
Qd4+ Kb5 41. Rg5+ Rc5 42. Qd3+ Ka5 43. Qe3 1-0

[Event "CGC KO 2022"]
[Site "chess.com INT"]
[Date "2022.09.21"]
[Round "2.1"]
[White "Vachier-Lagrave, Maxime"]
[Black "Sevian, Samuel"]
[Result "1-0"]
[WhiteTitle "GM"]
[BlackTitle "GM"]
[WhiteElo "2757"]
[BlackElo "2684"]
[WhiteFideId "623539"]
[BlackFideId "2040506"]
[EventDate "2022.09.14"]
[EventType "k.o."]

1. e4 e5 2. Nf3 Nc6 3. Bb5 a6 4. Ba4 Nf6 5. O-O Nxe4 6. d4 b5 7. Bb3 d5 8. dxe5
Be6 9. c3 Be7 10. Nbd2 O-O 11. Bc2 f5 12. exf6 Nxf6 13. a4 b4 14. Re1 Bg4 15.
Nf1 Bc5 16. Be3 Bxe3 17. Nxe3 bxc3 18. Nxg4 Nxg4 19. bxc3 Qd7 20. Qd3 g6 21.
Rad1 Nf6 22. Bb3 Rfd8 23. c4 Na5 24. Qc3 Nxb3 25. Qxf6 Re8 26. cxd5 Qxa4 27. Ne5
Nd4 28. Qf7+ Kh8 29. Qxc7 Ne2+ 30. Kh1 Rac8 31. Qb6 Rf8 32. d6 Nc3 33. d7 Nxd1
34. dxc8=Q Rxc8 35. Qf6+ Kg8 36. Qe6+ Kg7 37. Qxc8 Nxf2+ 38. Kg1 Ne4 39. Qd7+ 1-0

[Event "CGC KO 2022"]
[Site "chess.com INT"]
[Date "2022.09.23"]
[Round "2.1"]
[White "Xiong, Jeffery"]
[Black "Bok, Benjamin"]
[Result "1-0"]
[WhiteTitle "GM"]
[BlackTitle "GM"]
[WhiteElo "2690"]
[BlackElo "2618"]
[WhiteFideId "2047640"]
[BlackFideId "1017063"]
[EventDate "2022.09.14"]
[EventType "k.o."]

1. c4 c5 2. Nf3 Nc6 3. d4 cxd4 4. Nxd4 Nf6 5. Nc3 e6 6. e4 Bb4 7. Nxc6 bxc6 8.
Bd3 e5 9. O-O O-O 10. h3 Bxc3 11. bxc3 d6 12. f4 Qe7 13. Qe1 Nd7 14. f5 f6 15.
Be3 Ba6 16. Rd1 c5 17. g4 Nb6 18. Qg3 Bxc4 19. g5 fxg5 20. Bxg5 Qf7 21. Rf2 Bxd3
22. Rxd3 d5 23. exd5 e4 24. Re3 Nxd5 25. Rxe4 Rae8 26. Rg4 Nf6 27. Bxf6 Qxf6 28.
Qc7 Qe7 29. Qxe7 Rxe7 30. f6 Ref7 31. Rxg7+ Rxg7+ 32. fxg7 Kxg7 33. Rxf8 Kxf8
34. Kf2 Kf7 35. Ke3 Kf6 36. Kf4 c4 37. a4 a5 38. Ke4 Kg5 39. Kd4 Kh4 40. Kxc4
Kxh3 41. Kb5 h5 42. c4 h4 43. c5 Kg3 44. c6 h3 45. c7 h2 46. c8=Q h1=Q 47. Qc7+
Kg4 48. Qc4+ Kg3 49. Kxa5 Qa8+ 50. Kb4 Qb7+ 51. Ka3 Qe7+ 52. Qb4 Qc7 53. Kb2 Kh2
54. a5 Qe5+ 55. Qc3 Qe2+ 56. Qc2 1-0

[Event "CGC KO 2022"]
[Site "chess.com INT"]
[Date "2022.09.23"]
[Round "2.2"]
[White "Bok, Benjamin"]
[Black "Xiong, Jeffery"]
[Result "0-1"]
[WhiteTitle "GM"]
[BlackTitle "GM"]
[WhiteElo "2618"]
[BlackElo "2690"]
[WhiteFideId "1017063"]
[BlackFideId "2047640"]
[EventDate "2022.09.14"]
[EventType "k.o."]

1. d4 Nf6 2. c4 g6 3. Nc3 d5 4. Bf4 Bg7 5. e3 O-O 6. cxd5 Nxd5 7. Nxd5 Qxd5 8.
Bxc7 Na6 9. Bxa6 Qxg2 10. Qf3 Qxf3 11. Nxf3 bxa6 12. Rc1 Bb7 13. Ke2 a5 14. Rhd1
a4 15. Rc5 Rfc8 16. Rdc1 e6 17. Bd6 Rd8 18. Bg3 Bd5 19. a3 Bf8 20. Rc7 Rdb8 21.
Ne5 Rxb2+ 22. Kf1 Rb7 23. Nxf7 Rab8 24. Ng5 Bxa3 25. Rc8+ Rxc8 26. Rxc8+ Kg7 27.
Be5+ Kh6 28. Bf4 Kh5 29. e4 h6 30. f3 Bc4+ 31. Kg2 Rb2+ 32. Kg3 Bf1 33. Be3 Rg2+
34. Kf4 Rxg5 35. e5 Bg2 36. Rh8 Rf5+ 37. Ke4 Bxf3+ 38. Kd3 g5 39. h4 gxh4 40.
Rxh6+ Kg4 41. Rg6+ Kh3 42. Rxe6 Bd5 43. Ra6 Rf3 44. Kd2 Bb4+ 45. Kd3 Kg2 46.
Rg6+ Rg3 47. Rh6 h3 48. e6 h2 0-1

[Event "CGC KO 2022"]
[Site "chess.com INT"]
[Date "2022.09.24"]
[Round "2.2"]
[White "Esipenko, Andrey"]
[Black "Ding, Liren"]
[Result "1/2-1/2"]
[WhiteTitle "GM"]
[BlackTitle "GM"]
[WhiteElo "2678"]
[BlackElo "2808"]
[WhiteFideId "24175439"]
[BlackFideId "8603677"]
[EventDate "2022.09.14"]
[EventType "k.o."]

1. d4 Nf6 2. c4 e6 3. Nf3 b6 4. a3 Bb7 5. Nc3 d5 6. Qc2 dxc4 7. e4 b5 8. e5 Nfd7
9. Nxb5 Nb6 10. Be2 Be7 11. O-O O-O 12. Be3 Nc6 13. Rad1 Rb8 14. Nc3 Na5 15. Nd2
h6 16. Nde4 Nd5 17. Bc1 Bc6 18. Rfe1 Qd7 19. Nxd5 Bxd5 20. Nc3 c6 21. Bh5 Nb3
22. Be3 Rb7 23. Qe2 Rfb8 24. Qg4 Kf8 25. h4 Na5 26. Qf4 Qe8 27. Bc1 Kg8 28. Re2
Bf8 29. Qg3 Kh8 30. Qf4 Kg8 31. Qg3 Kh8 32. Qf4 Rd8 33. Be3 Kg8 34. Qg3 Kh8 35.
Qf4 Kg8 36. Qg3 Kh8 37. Qf4 1/2-1/2

[Event "CGC KO 2022"]
[Site "chess.com INT"]
[Date "2022.09.22"]
[Round "2.2"]
[White "Ivanchuk, Vasyl"]
[Black "So, Wesley"]
[Result "0-1"]
[WhiteTitle "GM"]
[BlackTitle "GM"]
[WhiteElo "2678"]
[BlackElo "2771"]
[WhiteFideId "14100010"]
[BlackFideId "5202213"]
[EventDate "2022.09.14"]
[EventType "k.o."]

1. d4 Nf6 2. c4 e6 3. Nc3 Bb4 4. f3 c5 5. d5 b5 6. e4 d6 7. Ne2 bxc4 8. Nf4 g5
9. Ne2 exd5 10. exd5 Qe7 11. Kf2 Nbd7 12. Ng3 Nb6 13. Bd3 Bxc3 14. bxc3 Nfxd5
15. Re1 Be6 16. Bc2 O-O-O 17. a4 Nf4 18. Kg1 Kc7 19. Rb1 Rb8 20. Ne4 h6 21. Bxf4
gxf4 22. a5 Nd5 23. Rxb8 Rxb8 24. Nxc5 Ne3 25. Na6+ Kc8 26. Rxe3 fxe3 27. Nxb8
Kxb8 28. Qd4 Qc7 29. f4 Qxa5 30. Qxd6+ Kc8 31. Qd4 Qa1+ 32. Bd1 e2 33. Qc5+ Kd8
34. Qd6+ Ke8 35. Qb8+ Kd7 36. Qb7+ Kd6 37. Qb8+ Ke7 38. Qc7+ Ke8 39. Qb8+ Kd7
40. Qb7+ Kd6 41. Qb8+ Kc6 42. Qa8+ Kc7 0-1

[Event "CGC KO 2022"]
[Site "chess.com INT"]
[Date "2022.09.21"]
[Round "2.2"]
[White "Kamsky, Gata"]
[Black "Andreikin, Dmitry"]
[Result "1/2-1/2"]
[WhiteTitle "GM"]
[BlackTitle "GM"]
[WhiteElo "2666"]
[BlackElo "2729"]
[WhiteFideId "2000024"]
[BlackFideId "4158814"]
[EventDate "2022.09.14"]
[EventType "k.o."]

1. e4 e5 2. Nf3 Nc6 3. Bb5 Nf6 4. O-O Nxe4 5. Re1 Nd6 6. Nxe5 Be7 7. Bf1 Nf5 8.
c3 Nxe5 9. Rxe5 d6 10. Re1 O-O 11. d4 d5 12. Nd2 Bd6 13. Nf3 Re8 14. Rxe8+ Qxe8
15. Qb3 c6 16. Bd2 f6 17. c4 Qf7 18. cxd5 cxd5 19. Bb4 Bc7 20. Rc1 Be6 21. g3
Bb6 22. Bc5 Rc8 23. Qa3 g5 24. Rc3 Bxc5 25. Rxc5 b6 26. Rxc8+ Bxc8 27. Qc3 Be6
28. Ne1 Qd7 1/2-1/2

[Event "CGC KO 2022"]
[Site "chess.com INT"]
[Date "2022.09.21"]
[Round "2.2"]
[White "Martinez Alcantara, Jose Eduardo"]
[Black "Caruana, Fabiano"]
[Result "1/2-1/2"]
[WhiteTitle "GM"]
[BlackTitle "GM"]
[WhiteElo "2591"]
[BlackElo "2758"]
[WhiteFideId "3805662"]
[BlackFideId "2020009"]
[EventDate "2022.09.14"]
[EventType "k.o."]

1. e4 e5 2. Nf3 Nc6 3. Bb5 a6 4. Ba4 Nf6 5. O-O Be7 6. d3 b5 7. Bb3 d6 8. a3 O-O
9. Nc3 Rb8 10. h3 h6 11. Nd5 Re8 12. Bd2 Bf8 13. a4 Nxd5 14. Bxd5 Ne7 15. Bb3
Ng6 16. axb5 axb5 17. Ra7 Be6 18. Bxe6 Rxe6 19. Be3 c5 20. Nd2 Ra8 21. Rxa8 Qxa8
22. Qa1 Re8 23. c4 b4 24. g3 Ne7 25. Kh2 Nc6 26. Nb3 Qb7 27. Qa4 Ra8 28. Qb5 Qc8
29. Ra1 Rxa1 30. Nxa1 Be7 31. Nb3 Bg5 32. Bxg5 hxg5 33. Qb6 Qd7 34. Kg2 g6 35.
Qb5 Qc7 36. Qa6 Kg7 37. Nd2 Nd4 38. Nf1 Nc2 39. Qa4 Ne1+ 40. Kg1 Nf3+ 41. Kg2
Ne1+ 42. Kg1 Nf3+ 43. Kg2 Ne1+ 1/2-1/2

[Event "CGC KO 2022"]
[Site "chess.com INT"]
[Date "2022.09.24"]
[Round "2.2"]
[White "Matlakov, Maxim"]
[Black "Aronian, Levon"]
[Result "1/2-1/2"]
[WhiteTitle "GM"]
[BlackTitle "GM"]
[WhiteElo "2671"]
[BlackElo "2759"]
[WhiteFideId "4168003"]
[BlackFideId "13300474"]
[EventDate "2022.09.14"]
[EventType "k.o."]

1. d4 Nf6 2. c4 e6 3. g3 d5 4. Bg2 dxc4 5. Nf3 c5 6. O-O Nc6 7. dxc5 Qxd1 8.
Rxd1 Bxc5 9. Nbd2 c3 10. bxc3 O-O 11. Ne1 Be7 12. Rb1 Rd8 13. c4 e5 14. Nd3 Nd4
15. Kf1 Bg4 16. Re1 Nc2 17. Rxb7 Nxe1 18. Kxe1 Bf8 19. Nxe5 Rab8 20. Rb3 Bd7 21.
Nxd7 Nxd7 22. Bd5 a5 23. Kd1 Nf6 24. e4 a4 25. Rxb8 Rxb8 26. f3 Rc8 27. Kc2 Bb4
28. Kd3 Nd7 29. Bb2 Kf8 30. f4 Rb8 31. Bd4 Bc5 32. Bc3 Bb4 33. Bd4 Bc5 34. Bc3
Bb4 35. Bd4 1/2-1/2

[Event "CGC KO 2022"]
[Site "chess.com INT"]
[Date "2022.09.24"]
[Round "2.2"]
[White "Nihal, Sarin"]
[Black "Kramnik, Vladimir"]
[Result "1/2-1/2"]
[WhiteTitle "GM"]
[BlackTitle "GM"]
[WhiteElo "2677"]
[BlackElo "2753"]
[WhiteFideId "25092340"]
[BlackFideId "4101588"]
[EventDate "2022.09.14"]
[EventType "k.o."]

1. e4 c5 2. Nf3 d6 3. Bb5+ Bd7 4. c4 Nf6 5. Nc3 g6 6. d4 cxd4 7. Nxd4 Bg7 8. O-O
O-O 9. Bxd7 Nbxd7 10. b3 Qa5 11. Bb2 a6 12. Re1 e6 13. Qe2 Rac8 14. Rac1 Rfe8
15. Qd2 h5 16. h3 Ne5 17. Rcd1 Ned7 18. Kh1 Nc5 19. Kg1 Rcd8 20. Ba1 Qc7 21. Nf3
b6 22. Qf4 Qb7 23. b4 e5 24. Qe3 Ne6 25. Nd5 b5 26. Nxf6+ Bxf6 27. cxb5 axb5 28.
h4 Bg7 29. Qb3 Bh6 30. Bb2 Qc6 31. g3 Rc8 32. Rd3 Red8 33. Red1 Qxe4 34. Rxd6
Rxd6 35. Rxd6 Rc2 36. Rxe6 Qe2 37. Re8+ Bf8 38. Qe3 Qxe3 39. fxe3 Rxb2 40. Nxe5
Kg7 41. a3 Bd6 42. Kf1 Rb3 43. Kf2 Rxa3 44. Nc6 Ra6 45. Rc8 Ra2+ 46. Kf3 Rc2 47.
Na7 Rxc8 48. Nxc8 Bxb4 49. Na7 Kf6 50. Nxb5 Ke5 51. Nd4 Bc5 52. Ne2 Bb6 53. Nf4
Ba7 54. Nh3 Kf6 55. Ng5 Bb8 56. Ne4+ Kg7 57. Nc5 Bd6 58. Nd3 Bc7 59. Nc5 Bd6 60.
Nd3 Bc7 1/2-1/2

[Event "CGC KO 2022"]
[Site "chess.com INT"]
[Date "2022.09.24"]
[Round "2.2"]
[White "Ponkratov, Pavel"]
[Black "Abdusattorov, Nodirbek"]
[Result "0-1"]
[WhiteTitle "GM"]
[BlackTitle "GM"]
[WhiteElo "2593"]
[BlackElo "2713"]
[WhiteFideId "4157800"]
[BlackFideId "14204118"]
[EventDate "2022.09.14"]
[EventType "k.o."]

1. d4 d5 2. c4 e6 3. Nc3 Nf6 4. cxd5 exd5 5. Bg5 c6 6. e3 h6 7. Bh4 Be7 8. Bd3
O-O 9. Nge2 Re8 10. O-O a5 11. f3 Nbd7 12. a4 Nf8 13. Bf2 Ne6 14. Qd2 c5 15. Bb5
Bd7 16. dxc5 Bxc5 17. Rad1 Bxb5 18. axb5 Bb4 19. Qd3 Rc8 20. Bh4 Ng5 21. Nf4
Bxc3 22. bxc3 Qb6 23. Bf2 Qc5 24. Nxd5 Nxd5 25. Qxd5 Qxd5 26. Rxd5 Ne6 27. b6 a4
28. Ra5 Rxc3 29. Rxa4 Rd8 30. Ra7 Rd7 31. h4 Rc2 32. Bg3 Rb2 33. Rf2 Rxb6 34.
Rc2 Rb3 35. Bf2 Kh7 36. Kh2 h5 37. Kg3 Kg6 38. Ra5 b5 39. Ra6 Rb7 40. Rc5 b4 41.
f4 Ra3 42. f5+ Kh7 43. Rca5 Rxa5 44. Rxa5 Nc7 45. e4 b3 46. Ra1 b2 47. Rb1 Rb3+ 0-1

[Event "CGC KO 2022"]
[Site "chess.com INT"]
[Date "2022.09.24"]
[Round "2.2"]
[White "Sadhwani, Raunak"]
[Black "Giri, Anish"]
[Result "0-1"]
[WhiteTitle "GM"]
[BlackTitle "GM"]
[WhiteElo "2620"]
[BlackElo "2764"]
[WhiteFideId "35093487"]
[BlackFideId "24116068"]
[EventDate "2022.09.14"]
[EventType "k.o."]

1. e4 c5 2. Nf3 Nc6 3. Bb5 g6 4. O-O Bg7 5. Re1 e5 6. Bxc6 dxc6 7. a4 Qe7 8. a5
Nf6 9. d3 O-O 10. h3 Ne8 11. Na3 Nc7 12. Nc4 f6 13. Be3 Ne6 14. c3 Rd8 15. Qc2
Bd7 16. Reb1 Be8 17. b4 cxb4 18. Rxb4 c5 19. Rb3 Bc6 20. Nb2 f5 21. exf5 gxf5
22. Qe2 Re8 23. Re1 Qc7 24. Nc4 Rad8 25. Ng5 Nf4 26. Bxf4 exf4 27. Qd2 Rxe1+ 28.
Qxe1 Re8 29. Qd2 Bf6 30. Nf3 Kh8 31. Ne1 Qg7 32. Kf1 Bxg2+ 33. Nxg2 f3 34. Nce3
Qh6 35. h4 Bxh4 36. Qd1 fxg2+ 37. Nxg2 Bg3 0-1

[Event "CGC KO 2022"]
[Site "chess.com INT"]
[Date "2022.09.23"]
[Round "2.2"]
[White "Sarana, Alexey"]
[Black "Mamedyarov, Shakhriyar"]
[Result "0-1"]
[WhiteTitle "GM"]
[BlackTitle "GM"]
[WhiteElo "2662"]
[BlackElo "2757"]
[WhiteFideId "24133795"]
[BlackFideId "13401319"]
[EventDate "2022.09.14"]
[EventType "k.o."]

1. d4 d5 2. c4 dxc4 3. Nf3 Nf6 4. e3 e6 5. Bxc4 c5 6. O-O a6 7. Nc3 b5 8. Bb3
Bb7 9. e4 c4 10. Bc2 Be7 11. Bg5 b4 12. Na4 Nbd7 13. Qe2 Rc8 14. Rad1 O-O 15.
Ne5 Nxe5 16. dxe5 Nd7 17. Nb6 Bxg5 18. Nxd7 Re8 19. Nf6+ Bxf6 20. Rxd8 Bxd8 21.
Rd1 Bb6 22. Ba4 Bc6 23. Bxc6 Rxc6 24. Rd6 Rec8 25. Rxc6 Rxc6 26. Qd2 h6 27. Qxb4
Bd4 28. Kf1 Bxe5 29. Qb7 Rd6 30. Qc8+ Kh7 31. Qxc4 Bxb2 32. g3 Rd2 33. Ke1 Rd4
34. Qb3 Ba1 35. f3 Rd6 36. Ke2 g5 37. f4 Kg7 38. Qc4 gxf4 39. gxf4 e5 40. Qc7
Rf6 41. f5 Bd4 42. Kd3 Rb6 43. h4 Rf6 44. a4 Rb6 45. a5 Rf6 46. h5 Kh7 47. Kc4
Kg7 48. Kd5 Kh7 49. Qd8 Kg7 50. Qe7 Ba1 51. Qb4 Bd4 52. Qa3 Kh7 53. Qf8 Ba1 54.
Kc4 Bd4 55. Kb3 Ba1 56. Kc2 Bd4 57. Kd3 Ba1 58. Qe7 Kg7 59. Qd7 Bd4 60. Kc4 Ba1
61. Qd1 Bd4 62. Kd5 Kh7 63. Qe1 Kg7 64. Qg3+ Kh7 65. Qh4 Kg7 66. Qh2 Kh7 67. Qh1
Kg7 68. Qf3 Kh7 69. Qg3 Kh8 70. Qa3 Kg7 71. Qb4 Kh7 72. Qf8 Ba1 73. Qd8 Kg7 74.
Qb6 Rxb6 75. axb6 Bd4 0-1

[Event "CGC KO 2022"]
[Site "chess.com INT"]
[Date "2022.09.21"]
[Round "2.2"]
[White "Sevian, Samuel"]
[Black "Vachier-Lagrave, Maxime"]
[Result "1-0"]
[WhiteTitle "GM"]
[BlackTitle "GM"]
[WhiteElo "2684"]
[BlackElo "2757"]
[WhiteFideId "2040506"]
[BlackFideId "623539"]
[EventDate "2022.09.14"]
[EventType "k.o."]

1. d4 Nf6 2. c4 g6 3. Nc3 d5 4. cxd5 Nxd5 5. e4 Nxc3 6. bxc3 Bg7 7. Nf3 c5 8. h3
O-O 9. Be2 Nc6 10. Be3 Qa5 11. O-O Rd8 12. Bd2 e6 13. c4 Qc7 14. d5 Nd4 15. Rc1
b6 16. Nxd4 Bxd4 17. Bc3 exd5 18. cxd5 Bxc3 19. Rxc3 Qf4 20. Re3 Bd7 21. Qc2 Re8
22. g3 Qd6 23. f4 Bxh3 24. Rd1 c4 25. Qxc4 Rac8 26. Qd4 Rc2 27. e5 Qd7 28. Bf3
h5 29. e6 fxe6 30. Be4 Rxa2 31. Bxg6 Rc8 32. Re5 Rg2+ 33. Kh1 Rxg3 34. Rg1 h4
35. Rg5 e5 36. Bf5+ Kf8 37. Qb4+ Qe7 38. Rg8+ 1-0

[Event "CGC KO 2022"]
[Site "chess.com INT"]
[Date "2022.09.24"]
[Round "2.2"]
[White "Svidler, Peter"]
[Black "Nepomniachtchi, Ian"]
[Result "1/2-1/2"]
[WhiteTitle "GM"]
[BlackTitle "GM"]
[WhiteElo "2683"]
[BlackElo "2792"]
[WhiteFideId "4102142"]
[BlackFideId "4168119"]
[EventDate "2022.09.14"]
[EventType "k.o."]

1. e4 e5 2. Bc4 Nf6 3. d3 c6 4. Nf3 d5 5. Bb3 Bb4+ 6. Bd2 Bxd2+ 7. Qxd2 a5 8. a3
O-O 9. Nxe5 Qc7 10. f4 dxe4 11. Nc3 exd3 12. O-O-O Nbd7 13. Nxd3 b5 14. Rhe1 b4
15. Na4 c5 16. Ne5 Nxe5 17. fxe5 c4 18. Qd6 Qxd6 19. Rxd6 cxb3 20. exf6 bxc2 21.
Nb6 Rb8 22. axb4 axb4 23. fxg7 Kxg7 24. Kxc2 Be6 25. b3 Rb7 26. Kb2 Rfb8 27. Nd5
Ra7 28. Re4 Ra3 29. Re3 Bxd5 30. Rxd5 Rba8 31. Rg3+ Kf6 32. Kc2 Rc8+ 33. Kb2
Rca8 34. Kc2 Ra2+ 35. Kd3 Rc8 36. Rd4 Rc3+ 37. Ke4 Re2+ 38. Kf4 Rcc2 39. Rxb4
Rf2+ 40. Kg4 Rxg2 41. Rb6+ Ke5 42. Rb5+ Ke6 43. Rb6+ Ke5 44. Rb5+ Ke6 45. Rb6+
Ke5 1/2-1/2

[Event "CGC KO 2022"]
[Site "chess.com INT"]
[Date "2022.09.23"]
[Round "2.2"]
[White "Wang, Hao"]
[Black "Duda, Jan-Krzysztof"]
[Result "0-1"]
[WhiteTitle "GM"]
[BlackTitle "GM"]
[WhiteElo "2722"]
[BlackElo "2731"]
[WhiteFideId "8602883"]
[BlackFideId "1170546"]
[EventDate "2022.09.14"]
[EventType "k.o."]

1. e4 e5 2. Nf3 Nc6 3. Bb5 Nf6 4. O-O Nxe4 5. Re1 Nd6 6. Nxe5 Be7 7. Bf1 Nxe5 8.
Rxe5 O-O 9. d4 Ne8 10. Re1 d5 11. a4 a5 12. c3 Bf5 13. Bf4 Bd6 14. Qf3 Bxb1 15.
Bxd6 Be4 16. Bxf8 Bxf3 17. Be7 Qd7 18. gxf3 Nd6 19. Bxd6 Qxd6 20. Re5 Qg6+ 21.
Kh1 Qc2 22. Re2 Qf5 23. Re3 g6 24. Bd3 Qf6 25. b3 Rd8 26. Bc2 Rd6 27. Rae1 Kg7
28. Kg2 Qg5+ 29. Kh1 Rf6 30. Rg1 Qh4 31. Rg3 Rf4 32. Kg2 Kf8 33. Rh3 Qg5+ 34.
Rg3 Qf6 35. Rg4 h5 36. Rxf4 Qxf4 37. Bd3 c6 38. h3 Qd6 39. Bf1 Kg7 40. Be2 Kf6
41. f4 Qa3 42. c4 dxc4 43. Bxc4 Qd6 44. Re5 Qxd4 45. Kf3 Qd8 46. Rg5 Kg7 47. Re5
f6 48. Re3 b5 49. Be6 bxa4 50. bxa4 Qd1+ 51. Kg3 Qxa4 0-1

[Event "CGC KO 2022"]
[Site "chess.com INT"]
[Date "2022.09.24"]
[Round "2.3"]
[White "Abdusattorov, Nodirbek"]
[Black "Ponkratov, Pavel"]
[Result "0-1"]
[WhiteTitle "GM"]
[BlackTitle "GM"]
[WhiteElo "2713"]
[BlackElo "2593"]
[WhiteFideId "14204118"]
[BlackFideId "4157800"]
[EventDate "2022.09.14"]
[EventType "k.o."]

1. c4 e5 2. Nc3 Nf6 3. Nf3 Nc6 4. g3 d5 5. cxd5 Nxd5 6. Bg2 Nb6 7. O-O Be7 8. b3
h5 9. d4 exd4 10. Nb5 h4 11. Nfxd4 Nxd4 12. Qxd4 Qxd4 13. Nxd4 h3 14. Bf3 Bf6
15. Be3 O-O 16. Rac1 c6 17. a4 Nd7 18. Rfd1 Ne5 19. Be4 a5 20. f3 Rd8 21. Rd2 g6
22. Rcd1 Re8 23. Bf4 Ra6 24. Bc2 g5 25. Bxe5 Rxe5 26. Bd3 Rb6 27. Bc4 Kg7 28. g4
Rc5 29. e4 Rb4 30. Kf2 Be5 31. Nf5+ Bxf5 32. gxf5 b5 33. axb5 cxb5 34. Rd5 Rxd5
35. Bxd5 a4 36. f4 Bxf4 37. bxa4 bxa4 38. Kf3 Rb2 39. Ra1 Rxh2 40. Rxa4 Rd2 41.
Ra1 Rd3+ 42. Kg4 Rg3+ 43. Kh5 h2 44. e5 Bxe5 0-1

[Event "CGC KO 2022"]
[Site "chess.com INT"]
[Date "2022.09.21"]
[Round "2.3"]
[White "Andreikin, Dmitry"]
[Black "Kamsky, Gata"]
[Result "1-0"]
[WhiteTitle "GM"]
[BlackTitle "GM"]
[WhiteElo "2729"]
[BlackElo "2666"]
[WhiteFideId "4158814"]
[BlackFideId "2000024"]
[EventDate "2022.09.14"]
[EventType "k.o."]

1. Nf3 Nf6 2. c4 c6 3. Nc3 d5 4. e3 a6 5. d4 Bf5 6. Ne5 b5 7. cxd5 cxd5 8. g4
Bc8 9. Qf3 b4 10. Na4 Nbd7 11. Nxf7 Kxf7 12. g5 g6 13. Bh3 h6 14. gxf6 Nxf6 15.
Bd2 Bxh3 16. Qxh3 e6 17. Rc1 Rc8 18. O-O Bd6 19. Nc5 Bxc5 20. dxc5 a5 21. f3 Qe7
22. c6 Qd6 23. Qg3 Rhd8 24. e4 Qxg3+ 25. hxg3 dxe4 26. Bxh6 Rd3 27. fxe4 e5 28.
c7 Ke7 29. Bg7 Nd7 30. Kg2 Kd6 31. Rf7 Ke6 32. Rf2 Rd4 33. Rc6+ Rd6 34. Rfc2
Rxc6 35. Rxc6+ Kf7 36. Bh6 Nf6 37. Be3 Nxe4 38. Kf3 Nf6 39. Bb6 a4 40. Rd6 Ng8
41. Ke4 Ne7 42. Kxe5 Rh8 43. Rd7 1-0

[Event "CGC KO 2022"]
[Site "chess.com INT"]
[Date "2022.09.24"]
[Round "2.3"]
[White "Aronian, Levon"]
[Black "Matlakov, Maxim"]
[Result "1-0"]
[WhiteTitle "GM"]
[BlackTitle "GM"]
[WhiteElo "2759"]
[BlackElo "2671"]
[WhiteFideId "13300474"]
[BlackFideId "4168003"]
[EventDate "2022.09.14"]
[EventType "k.o."]

1. e4 e5 2. Nc3 Nf6 3. Bc4 Nc6 4. d3 Na5 5. Nge2 Bc5 6. O-O Nxc4 7. dxc4 d6 8.
h3 a5 9. Qd3 h6 10. Kh1 g5 11. Be3 Bxe3 12. Qxe3 b6 13. f4 gxf4 14. Nxf4 exf4
15. Qxf4 Be6 16. Qxf6 Qxf6 17. Rxf6 Bxc4 18. e5 dxe5 19. Rc6 Be6 20. Rxc7 Rd8
21. Re1 O-O 22. Rxe5 Rd2 23. Ne4 Rd1+ 24. Kh2 Rfd8 25. Nf6+ Kf8 26. Re3 Rf1 27.
Ne4 Bxa2 28. b3 Re8 29. Rf3 Rxf3 30. gxf3 Bb1 31. Kg3 b5 32. Nd6 Re2 33. Rxf7+
Kg8 34. Rb7 Bxc2 35. Rxb5 Re6 36. Nc4 a4 37. bxa4 Bxa4 38. Ra5 Rg6+ 39. Kh4 Bd1
40. Ne5 Rf6 41. Kg4 Bc2 42. h4 Bf5+ 43. Kg3 Be6 44. Ra8+ Kg7 45. Ra7+ Kg8 46.
Rc7 Bf5 47. Kf2 Kf8 48. Ke3 Kg8 49. Kd4 Rd6+ 50. Ke3 Rf6 51. Nc6 Bh3 52. Nd4 Rf7
53. Rc5 Kg7 54. f4 Re7+ 55. Kf3 Rd7 56. Ke4 Re7+ 57. Kf3 Rd7 58. Rc4 Rd5 59.
Rc7+ Kf6 60. Rc6+ Kg7 61. Ke3 Ra5 62. Nf3 Ra3+ 63. Kf2 Ra2+ 64. Kg3 Ra3 65. Rc7+
Kf6 66. Kxh3 Rxf3+ 67. Kg4 Ra3 68. Kh5 Ra4 69. Rc6+ Kg7 70. Rc7+ Kf6 71. Rc6+
Kf7 72. Kg4 Kg7 73. Kf5 Ra5+ 74. Ke6 Kg6 75. Ke7+ Kg7 76. Ke6 Rh5 77. f5 Rxh4
78. Rc7+ Kg8 79. Rc8+ Kh7 80. f6 Re4+ 81. Kf5 Re1 82. f7 Rf1+ 83. Ke6 Re1+ 84.
Kd5 Rd1+ 85. Ke4 Re1+ 86. Kd3 1-0